000 00304nam a2200121Ia 4500
008 191201s2012 xx 000 0 und d
100 _aHANLY, Jeri R.
245 0 _aProblem solving and program designing c..
250 _aIMP 4th
260 _c2012
_bpearson
_aNEW DELHI
300 _a920
942 _2ddc
_cBK
999 _c7815
_d7815